| 000 | 00475nam a2200205Ia 4500 | ||
|---|---|---|---|
| 008 | 210210b2012 xxu||||| |||| 00| 0 eng d | ||
| 020 | _a9788172867461 | ||
| 041 | _aeng | ||
| 082 | _a954.01 VASA | ||
| 100 | _aVASUDEVAN (A R) | ||
| 245 | _aAryans who are they? | ||
| 260 |
_aBengaLUru _bPrism Books Pvt, Ltd., _c2012 |
||
| 300 | _axii,253 | ||
| 650 | _awho | ||
| 650 | _athey? | ||
| 650 | _aAryans | ||
| 650 | _aare | ||
| 690 | _aIndian History | ||
| 906 | _a067354 | ||
| 999 |
_c149724 _d149724 |
||